Mot mystérieux - Série 58 - Statistiques

Statistiques générales
  • Ce quiz a été pris 62 fois
  • Le résultat moyen est 5 sur 10
Statistiques - réponses
Indices Mot % Correct
rave - branche - rémoulade - purée céleri
87%
sanguine - amère- navel - blonde orange
81%
cornes - Camargue - signe - combat taureau
79%
glace - frein - hockey - roulette patin
77%
arbre - vieille - céleri - oiseau branche
64%
fario - arc en ciel - Schubert - mer truite
55%
civil - lampe - trait- idée génie
40%
glace - tout - main essuie
21%
rose - tin - cerise - haie laurier
13%
or - blanc - toucher - tirer but
9%
Aucun quiz correspondant
Distribution des résultats
% des personnes avec chaque résultat
Percentile par nombre de réponses
Votre historique - résultats
Vous n’avez pas pris ce quiz